000 00929nam a2200241Ia 4500
003 OSt
005 20220923223910.0
006 a|||||r|||| 00| 0
007 ta
008 220922b |||||||| |||| 00| 0 hin d
024 _a223,068
037 _cTextual
040 _aARTS
_cARTS
_bhin
041 _2hin
_ahin
082 _aP445,4k, 152P2
100 _aकाण्डपाल, लता; काण्डपाल, दीपा
_9167656
245 0 _aकुमाउनी - हिन्दी लोकोक्ति एंव मुहावरा कोश
246 _aKumāunī - hindī lokokti eanva muhāvarā kosha
260 _aनई दिल्ली
_b अनामिका पब्लिशर्स
_c2002
300 _a568पृ.
_ccm.
942 _hP445,4k, 152P2
_cTEXL
_2CC
999 _c368084
_d368084